00708nam a2200169Ia 450000500170000000800410001702000150005808200190007310000120009224500680010426000400017230000160021250001920022894200060042095200970042699900150052320250319025525.0240331s9999 xx 000 0 und d a0415084601 bKUHa791.43015 aKuhn, A 4aThe Power of the Image:bEssays on Representation and Sexuality aNew York;aLondon,bRoutledgec1985 avi, 146 p., aIn this challenging collection of essays Annette Kuhn analyses a wide range of films and still photographs, she explores and develops ideas on culturally dominant images and how they work cL 001040708LaWERCLbWERCLcSSCd2024-03-31l0o 791.4 KUHp2283r2024-03-31w2024-03-31yL c3070d3070